[Event "BCF-ch rapidplay"]
[Site "Halifax"]
[Date "2010.11.20"]
[Round "2"]
[White "Howell, David"]
[Black "Woodcock, Simon"]
[Result "1-0"]
[WhiteElo "2611"]
[BlackElo "2104"]
[PlyCount "65"]
[EventDate "2010.11.20"]
[EventType "swiss (rapid)"]
[EventRounds "11"]
[EventCountry "ENG"]
[SourceTitle "EXT 2011"]
[Source "ChessBase"]
[SourceDate "2010.11.26"]
[SourceVersion "1"]
[SourceVersionDate "2010.11.26"]
[SourceQuality "1"]

1. e4 d5 2. exd5 Qxd5 3. Nc3 Qa5 4. d4 c6 5. Bc4 Nf6 6. Nf3 Bg4 7. h3 Bxf3 8. Qxf3 e6 9. 0-0 Be7 10. Ne2 Nbd7 11. c3 Nb6 12. Bb3 0-0 13. Re1 Nbd5 14. Bd2 Bd6 15. Rad1 Qd8 16. c4 Ne7 17. Bc2 Ng6 18. g3 b5 19. c5 Be7 20. Qxc6 a6 21. Bb3 h5 22. Bc2 Qd5 23. Qxd5 Nxd5 24. Nc3 Bf6 25. Bxg6 fxg6 26. Rxe6 Nc7 27. Rc6 Bxd4 28. Rxc7 Rxf2 29. Kh1 Raf8 30. Bf4 Bf6 31. Ne4 Rxb2 32. Nxf6+ Rxf6 33. Be5 1-0